000 00809nam a2200253 a 4500
001 000024904
005 20200930023435.0
008 110207s1989 sp r 000 f spa d
020 _a8472237648
040 _aDO-SdBNP
_bspa
_cBNPHU
082 _a863.64
_bM538u, 1989
100 1 _aMendicutti, Eduardo
_d1948-
_923095
245 1 0 _aUna mala noche la tiene cualquiera /
_cEduardo Mendicutti.
250 _a3a ed.
260 _aBarcelona, (España) :
_bTusquets Editores,
_c1989.
300 _a163, [1] p. ;
_c21 cm.
490 1 _aLa flauta mágica
_v14
500 _aIncluye datos del autor en la solapa de la contracubierta
650 4 _aNovela española
_91123
650 4 _aNovela amorosa
_913334
650 4 _aLiteratura española
_9632
830 0 _aLa flauta mágica ;
_v14
_923054
049 _aBNGR
999 _c24397
_d24397